| 000 | 00999nam a2200217 4500 | ||
|---|---|---|---|
| 005 | 20211212224413.0 | ||
| 008 | 211210s1950 pe b|||fr|||| 001 0 spa d | ||
| 040 |
_aCENDOC CAAAP _bspa _cCAAAP |
||
| 041 | _aspa | ||
| 050 |
_aQ 116 _b.o65 |
||
| 110 | 2 |
_9163 _aPerú. Ministerio de Relaciones exteriores |
|
| 245 |
_aInforme sobre el Huallaga : _bexpedición científica a su cuenca Central, emprendida por la Unesco con acuerdo del gobierno del Perú |
||
| 250 | _a1ra ed. | ||
| 260 |
_aLima: _bMinisterio de Relaicones Exteriores, _c1950 |
||
| 300 | _a224 p. | ||
| 505 | _aContiene: Informe del jefe de la expedición de candido Bolivar Pieltain -- Inform geográfico del Dr. Edwin B. Doran Jr. -- Informe édico del profesor Pedro Weiss H. -- Informe etnologico el Dr. Anival Buitron -- Informe botánico del Dr. Ramón Ferreyra. | ||
| 650 | 0 |
_9935 _aInvestigación y Desarrollo |
|
| 650 | 0 |
_9252 _aCondiciones Sociales |
|
| 651 | 0 |
_94546 _aRío Huallaga , _zPerú |
|
| 942 |
_2lcc _b10 - 12 - 21 _cBK |
||
| 999 |
_c3063 _d3063 |
||